Del consumidor informado al consumidor real El futuro del derecho de consumo europeo /

Bibliographic Details
Main Author: Hualde Manso, Teresa
Format: eBook
Language:Spanish
Published: Madrid: Dykinson, 2016
Subjects:
Online Access:Acceso restringido

MARC

LEADER 00000nam a22000007a 4500
005 20170307215230.0
007 cr|||| |||
008 170307s2016 es |||||s|||| 00||0 spa d
020 |a 978-84-9148-001-3 
035 |a 14795 
040 |a vLex 
090 |c 6582  |d 6582 
100 1 |a Hualde Manso, Teresa 
245 1 3 |a Del consumidor informado al consumidor real  |h [Recurso electrn̤ico] :  |b El futuro del derecho de consumo europeo /  |c Teresa Hualde Manso 
256 |a Servicio en ln̕ea 
260 |a Madrid:  |b Dykinson,  |c 2016 
300 |a 1 recurso electrn̤ico 
500 |a A nadie se le escapa que el Derecho de Consumo europeo se ha construido tomando como arquetipo de consumidor ideal al consumidor que ha sido bien informado y que es adems̀ medianamente perspicaz, o lo suficiente para tomar decisiones racionales y libres sobre la base de la informacin̤ que se le transmite. Esta imagen del consumidor ha servido para construir todo un conjunto normativo edificado sobre la idea de que el mercado trabaja de forma correcta cuando al consumidor se le suministra informacin̤. Sin embargo, el Derecho de Consumo se enfrenta a un problema de ineficiencia del que las autoridades de la Unin̤ Europea son conscientes. Quiz ̀la normativa comunitaria se ha estado dirigiendo a un sujeto que no acta︢ como se pensaba. La preocupacin̤ –tambiň manifestada por la doctrina– por encontrar al consumidor real para basar sobre šte y no sobre un modelo ideal las decisiones legislativas se ha convertido en una prioridad. La presente obra refleja toda esta evolucin̤, que se inicia con el nacimiento jurisprudencial de la imagen del consumidor informado y llega a los recientes informes encargados por la Comisin̤ Europea sobre los procesos de decisin̤ de los consumidores vulnerables, que son los de la vida real. De los muy recientes documentos europeos se deduce que es llegado el momento de replantear los instrumentos tradicionales de proteccin̤ y de reequilibrio contractual, y este trabajo tiene el mřito de apuntar las todava̕ incipientes soluciones y ln̕eas de avance que podra̕n llegar en un futuro prx̤imo. 
506 1 |a Disponible solo en los productos indicados  |d vLex Global  |d vLex Global (Academic Edition, excluding Law Schools)  |d vLex Global (U.S. Academic Edition, Law Schools)  |d vLex Global (U.S. Academic Edition, excluding Law Schools)  |d vLex Global (Academic Edition, Law Schools) 
650 0 4 |a Derecho Civil  |z Espaą 
650 0 4 |a Obligaciones y Contratos  |z Espaą 
740 0 |a vLex Libros (Servicio en ln̕ea) 
856 4 0 |u http://vlex.com/source/consumidor-informado-al-consumidor-real-el-futuro-del-derecho-de-consumo-europeo-14795  |z Acceso restringido 
942 |c BOOK 
999 0 |a Civil Law 
999 0 |a Obligations and Contracts